00920nam a2200277 a 450000100060000000300090000600500170001500600150003200800410004701600300008801700500011802000150016803500210018304000280020404100120023208000150024408200160025910000320027524000400030724501130034726000260046030000380048649000490052449000490057365000200062226040CO-ViMGA20230915232144.0Mimo0001703600141112s2004 ck r 000 u spa d abimoBNE20010736017 SpMaBN aLE 709 - 2001 Oficina Depósito Legal León a8439209320 a(OCoLC)434361642 aCO-ViMGAbspacCO-ViMGA aspa ita a087.5 : 8204a853.91 S15m1 aSalgari, Emilio 1862 - 1911 aMisteri della jungla nera Español10aLos misterios de la jungla negra : bversión íntegra / cEmilio Salgari ; traducción, Elena Clavaguera aMadrid Gaviota [2001] a315 p., [6] h. de lam. col. 25 cm aBiblioteca universal de clásicos juveniles aBiblioteca universal de clásicos juveniles14aNovela italiana